000 00388nam a2200133Ia 4500
008 100328s9999 xx 000 0 und d
082 _b50168
100 _aदेशपांडे कृ.पं.
245 _aदशकुमार-भाग-4
260 _bअमोल
630 _aदशकुमार-भाग-4
730 _aदशकुमार-भाग-4
942 _cBOOK
999 _c537364
_d537361